000 02458cam a22005654i 4500
003 PE-LiUPU
005 20250731172831.0
008 150824s1989 sp rb 000 0 spa d
020 _a9788471516411
035 _a(Sirsi) i9788471516411
040 _aPE-LiUPU
_bspa
_dPE-LiUPU
_erda
041 1 _aspa
_hfre
049 _aPRUA
082 0 4 _a297
_bJ72
100 1 _aJomier, Jacques,
_d1914-,
_eautor.
245 1 0 _aPara conocer el Islam /
_cJacques Jomier ; traducción: Alfonso Ortiz García.
250 _aQuinta edición.
264 1 _aLarraona, Pamplona :
_bVerbo Divino,
_c[1989].
300 _a165 páginas :
_bilustraciones ;
_c23 centímetros.
336 _atext
_2rdacontent
337 _aunmediated
_2rdamedia
338 _avolume
_2rdacarrier
490 0 _aPara conocer ;
_v25
504 _aBibliografía página: 160-162.
505 0 _aLa expansión del Islam -- Penetración del Islam en África, al sur del Sahara -- El dogma del Islam -- La ley del Islam. Los cinco pilares -- La ley del Islam y la vida social -- Piedad y mística musulmana. Las cofradías -- El cristianismo tal y como lo ve el Islam -- El Islam frente al mundo moderno -- Las relaciones islamo-cristianas -- El problema de Mahoma -- La apolegética musulmana.
526 _aSEG42
526 _aSEG41
526 _aSEG40
526 _aSEG39
526 _aP94
526 _aP87
526 _aP86
526 _aP85
526 _aP77
526 _aP76
526 _aP35
534 _pTítulo original :
_tPour connaître d'Islam.
650 4 _aCristianismo
_xRelaciones
_xIslam
650 4 _aIslam
_xRelaciones
_xCristianismo.
650 4 _aIslamismo.
650 7 _aIslamismo
_vHistoria
_vObras de divulgación.
_2embne
700 1 _aOrtiz García, Alfonso,
_etraductor.
910 _aaas
_bjck
_caas
_d20150824
942 _2ddc
_cBOOK
949 _aPGT 297 J72
_wDEWEY
_c1
_i71753
_d2016-11-25
_e2016-11-20
_lCCODEBUL1
_mBUL
_n1
_p10.00
_q1
_r0
_sY
_tBOOK
_u2015-8-24
_xTEOLOGIA
_PP85
_0COMPRA
_o.CIRCNOTE. No olvidar cambiar la fecha de devolución!!!!!!!
_o.STAFF. Posgrado
994 _aC0
_bPEPRU
596 _a1
999 _aPGT 297 J72
_wDEWEY
_c6804
_i71753
_d6804
_e2019-10-1
_f2021-11-11
_g5
_lCCODEBUL1
_mBUL
_n9
_p10.00
_q3
_r0
_sY
_tBOOK
_u2015-8-24
_xTEOLOGIA
_PP85
_0COMPRA
_o.CIRCNOTE. No olvidar cambiar la fecha de devolución!!!!!!!
_o.STAFF. colección Teología
980 _81
_gALBERTO SANCHEZ Responsable de Automatización